[Event "Tromso ol (Men) 41st"]
[Site "Tromso"]
[Date "2014.08.03"]
[Round "2.1"]
[White "Nyback, Tomi"]
[Black "Carlsen, Magnus"]
[Result "1/2-1/2"]
[WhiteElo "2594"]
[BlackElo "2877"]
[Annotator "Marin,M"]
[PlyCount "71"]
[EventDate "2014.08.02"]
[EventType "team-swiss"]
[EventRounds "11"]
[EventCountry "NOR"]
[SourceTitle "CBM 162"]
[Source "ChessBase"]
[SourceDate "2014.09.17"]
[WhiteTeam "Finland"]
[BlackTeam "Norway"]
[WhiteTeamCountry "FIN"]
[BlackTeamCountry "NOR"]

{I will not hide that I waited with impatience and curiosity for the moment
when Carlsen would step in. Fortunately, the reigning World Champion does not
seem to have lost any single bit of his interest for the game after reaching
unprecedented rating heights and conquering the supreme title at all the
official time rates (classical, rapid and blitz). Maintaining the flame of
enthusiasm alive when there is no higher level to aim at is a task not many
World Champions have dealt with sucessfully. Anyway, since his presence in the
team surely makes a big difference, Carlsen was ready for the fight as soon as
round two.} 1. d4 d5 2. c4 c6 3. Nf3 Nf6 {An interesting choice of the opening.
Carlsen has played the Slav in the past, but it is by far not his main weapon.
The puzzling thing is that in a game where the big rating difference strongly
required him to play for a win, he exposes himself to a transposition to the
symmetrical structure resulting after 4.cxd5 cxd5. The Exchange Variation is
not as dull as it seems and players like Botvinnik or Portisch have made good
use of it with white, but Black has his reasons for being content, too.
Objectively, he should be close to equalising, which actually is just one
preliminary step on the way towards taking over the initiative.} 4. Qc2 {
(!) Played almost without hesitation. I assume that Tomi was not really
bothered by the idea of a draw (although I may be wrong), but even though the
exchange variation makes up part of his repertoire, he does not show himself
ready for such early relasing of the tension.} dxc4 5. Qxc4 Bg4 {This has
always been a reasonable alternative to 5...Bf5. Now, it seems to be acquiring
some higher popularity.} ({For quite a few years, the main theoretical
disputes took place in the variation} 5... Bf5 6. g3 e6 7. Bg2 Nbd7 8. O-O Be7
9. Nc3 O-O 10. Re1 Ne4 11. Qb3 Qb6 12. Nh4 {as, for instance, in Mamedyarov,S 
(2729)-Wang,Y (2685) Istanbul 2012 CBM 151 (Ftacnik,L) (1-0, 39)}) 6. Nc3 {
The most active continuation.} (6. Nbd2 {avoids getting the doubled pawns and
keeps the possibility of developing the bishop by fianchetto, but the knight
is not too active on d2.} Nbd7 7. g3 e6 8. Bg2 Be7 9. Ne5 Bh5 10. Nxd7 Nxd7 11.
O-O O-O 12. Nb3 a5 13. a4 Bb4 14. e4 e5 $132 {Mamedyarov,S (2757)-Anand,V 
(2770) Khanty-Mansiysk 2014 CBM 160 (Krasenkow,M) (0-1, 31)}) (6. Ne5 {only
apparently gains time.} Be6 7. Qd3 Nbd7 8. Nxd7 ({This speeds up Black's
development, but} 8. Nf3 Bg4 9. Nc3 e6 {transposes below.}) 8... Qxd7 9. e4 Rd8
10. Be3 Ng4 11. Nc3 Nxe3 12. fxe3 {Black should have no problems at all, to
say the least. White's centre lacks dynamism, while the dark-squared bishop
could become very threatening.} Bg4 (12... Qc7 13. Be2 g6 14. O-O Bg7 {
Schandorff,L (2563)-Nielsen,P (2625) Horsens 2003 CBM 095 (Huzman) (1/2-1/2,
25)}) 13. Be2 e5 14. O-O-O Bb4 15. Bf3 O-O 16. h3 Be6 $15 {Nenezic,M (2393)
-Solak,D (2592) Kragujevac 2013 (1/2-1/2, 72)}) 6... Nbd7 ({If Black wishes to
exchange on f3, he could do it now since after} 6... Bxf3 7. gxf3 Nbd7 {
there is no obvious way of avoiding a transposition below with 8.e4. For
instance:} 8. f4 e6 9. Bd2 Rc8 10. Bg2 Be7 {and Black is doing OK, Mandiza,F 
(2406)-Black,J (2201) Wheeling 2012 (0-1, 32)}) 7. e4 ({In view of the
previous comment,} 7. Qd3 {is more relevant for the move order starting with 6.
Ne5 above.} e6 8. e4 ({If} 8. g3 {the simplest seems to be the spectacular} Nc5
{taking advantage that the f3-knight is hanging.} 9. Qe3 Bxf3 10. exf3 Ncd7 11.
Bg2 Be7 {The control over the d5-square ensures Black simple play, Borg,A 
(2151)-Atalik,E (2399) Antalya 2006 (0-1, 63)}) 8... c5 $5 {The latest trend.}
9. d5 {This yields Black easy play.} ({The critical continuation is} 9. e5 Nd5
10. Nxd5 exd5 11. Be2 c4 12. Qc2 $13 {with mutual attacks on the wings.}) 9...
exd5 10. exd5 Bd6 11. Be2 $6 {This allows Black to consolidate.} (11. Qe3+ Qe7
12. Qxe7+ {would have caused some delay in Black's regrouping. The bishop
should stay on d6 to prevent Bf4, so the natural line goes} Kxe7 13. Be2 Rhe8
14. O-O Ne5 15. Re1 Kf8 16. Nb5 $13) 11... O-O 12. O-O ({With the queen
exposed on d3, rather than exchanged on e7, and the king in the centre,} 12.
Nb5 {runs into} Ne5 $17) 12... a6 13. a4 Re8 14. Be3 Qc7 15. h3 Bh5 16. Rfe1
Rad8 $15 {Thejkumar,M (2452)-Sasikiran,K (2666) Jalgaon 2013 (1/2-1/2, 52).
White does not have active plans and the d5-pawn is more of a weakness than
strength.}) 7... e5 $5 {Quite typical for Carlsen. He takes the game into
almost unexplored territory as soon as on move seven! He had been doing that
during the match against Anand quite a lot, depriving the then reigning
champion of the opportunity to display his massive preparation. By breaking
the centre without previously taking on f3, Black aims for higher flexibility.}
(7... Bxf3 {is played almost unanimously, with 7...e6 a minor alternative.} 8.
gxf3 e5 9. Be3 {The main question is whether White can put his central pawns
into motion or, on the contrary, Black will be able to keep the blockade on f4.
} exd4 ({Black should not delay this exchange too much.} 9... Bd6 10. O-O-O Qe7
{Zhou,W (2616)-Robson,R (2628) Ningbo 2013 (0-1, 57)} 11. Ne2 $1 {[%csl Rf5]
[%cal Ge5d4,Ge2d4,Ye2g3]}) 10. Bxd4 Bd6 11. O-O-O Qe7 ({An attempt to improve
over} 11... Qc7 12. Ne2 O-O 13. Qc2 Rfe8 14. h4 {Mamedyarov,S (2746)-Inarkiev,
E (2692) Rogaska Slatina 2011 CBM 145 (Krasenkow) (1-0, 54) which also
contains a comprehensive survey of the position after 7...Bxf3 8.gxf3 e5.}) 12.
Qb3 Nc5 13. Qc2 Bf4+ 14. Be3 Bxe3+ 15. fxe3 {White has improved his structure,
but the next exchanges will reduce the importance of his space advantage.} O-O
16. Bg2 Rad8 17. Kb1 Rxd1+ 18. Rxd1 Rd8 19. Rxd8+ Qxd8 20. e5 Nfd7 21. Qd2 $6 (
21. f4 Qh4 22. Bf3 Qe1+ 23. Nd1 $13) 21... Qh4 $36 {Reinderman,D (2604)-Van
Wely,L (2657) Amsterdam 2014 (0-1, 39)}) 8. Nxe5 (8. dxe5 Bxf3 9. gxf3 Nxe5 {
transposes back into a line considered to be OK for Black, for instance} 10.
Qe2 Bc5 11. Rg1 Qb6 12. Rg5 Ng6 13. Bd2 Rd8 {Krasenkow,M (2620)-Harikrishna,P 
(2673) Nancy 2009 (0-1, 53)}) ({Or if} 8. Be3 Bd6 9. O-O-O O-O {Griffiths,R 
(2362)-Van Kampen,R (2565) Athens 2012 (0-1, 27). The e4-pawn is hanging with
respect to the game Zhou,W (2616)-Robson,R (2628) above, preventing Ne2. In
this line, delaying ...Bxf3 is good for Black.}) 8... Nxe5 9. dxe5 Be6 10. Qd3
$146 {Usually, a queenside majority is more useful in the middlegame than in
the endgame. This is what Steinitz said and what has been proven in many games.
But in this concrete position it seems that White loses too much time if he
wants to keep queens on board. besides, he would also neglect the fight for
the d-file.} (10. Qa4 Ng4 11. Be2 ({With queens on the board, White cannot
play in the same way as in the game:} 11. Bf4 $2 Bc5 12. Bg3 Nxf2 13. Bxf2
Bxf2+ 14. Kxf2 Qb6+ 15. Ke1 Qxb2 $19 {[%csl Ga1,Gc3]}) 11... Nxe5 12. O-O Bc5
13. Qc2 Qe7 14. Bf4 {Grigoryan,K (2473)-Grover,S (2514) Kocaeli 2011 (1-0, 41)}
Ng6 15. Bg3 O-O 16. Rad1 Rad8 17. Kh1 Rxd1 18. Rxd1 f5 19. Na4 Bb4 20. a3 f4)
10... Ng4 11. Qxd8+ Rxd8 12. Bf4 $1 {White prefers returning the pawn in the
near future for the sake of completing his development} ({If} 12. f4 Bc5 {
Black's initative becomes threatening.} 13. Be2 Ne3 14. Bxe3 Bxe3 15. g3 (15.
f5 Bc8 {[%cal Ge3d4]}) 15... g5 $5 ({Black could also try playing for piece
pressure with, say,} 15... Ke7 {, but personally I would prefer to make sure
of weakening the e5-pawn as soon as possible.}) 16. f5 (16. Rf1 $2 gxf4 17.
gxf4 Bd2+ $1 18. Kf2 Bxf4 $19) 16... Bc8 17. Bh5 O-O 18. h4 gxh4 19. Rxh4 Bd4
$13) 12... Bc5 13. Bg3 Bd4 14. Rd1 Bxe5 15. Rxd8+ Kxd8 16. Bxe5 Nxe5 17. f4 Ng4
{The merits of Nyback's novelty are obvious. He has exchanged the active black
bishop and put his majority into motion. Still, White's advantage is rather
symbolic .} 18. Be2 Nh6 19. Kf2 f6 20. h3 Nf7 21. Bg4 Ke7 22. Bxe6 Kxe6 23. Rd1
Rd8 24. Rxd8 Nxd8 {The structure is quite similar to that from the last match
game against Anand. Even though in Chennai Carlsen was Black, in both cases,
he had two groups of three pawns each, against his opponent's two plus four.
But in the current game, White's position is a bit more active.} 25. b4 Kd6 26.
Ke3 a6 {A somewhat mysterious move. The threat of b4-b5 was not real, as it
would allow . ..Kc5, but Carlsen might have intended to set his queenside
majority into motion with ...b5 and ...c5, or even ...c5 right away.} 27. Na4
Ne6 {Renewing the threat ...b5..} 28. f5 $1 {A committal decision after only
five minutes of thinking. White gives away the e5-square, but gets some
queenside pressure in exchange.} Nd8 29. Kd4 Nf7 30. Nc5 {It may seem that the
weakening move ... a7-a6 is about to cause some major problems. But Carlsen is
not that easy to catch on the wrong foot in the endgame.} b6 $1 {Played
instantly.} ({If} 30... Nd8 31. a4 {threatening a4-a5, Black would soon be in
zugzwang. Actually, even now the best saving chance would be giving up the
pawn with} b6 {under lesss favourable circumstances.}) 31. Nxa6 Ne5 {The black
knight has occupied the fantastic central square, while its rival has no
obvious way back into the game.} 32. a4 Nd7 {Threatening ...c5, which would
open the king's way towards the knight. The final move repetition took place
rather quickly, although White twice took a minute for reflection.} 33. Kc4
Ne5+ 34. Kd4 Nd7 35. Kc4 Ne5+ 36. Kd4 1/2-1/2

[Event "Wch Blitz"]
[Site "Dubai"]
[Date "2014.06.20"]
[Round "15"]
[White "Grischuk, Alexander"]
[Black "Carlsen, Magnus"]
[Result "1/2-1/2"]
[WhiteElo "2792"]
[BlackElo "2881"]
[PlyCount "111"]
[EventDate "2014.06.19"]
[EventType "swiss (blitz)"]
[EventRounds "21"]
[EventCountry "UAE"]
[SourceTitle "CBM 160 Extra"]
[Source "ChessBase"]
[SourceDate "2014.07.01"]

1. d4 d5 2. Nf3 Nf6 3. c4 e6 4. Nc3 Nbd7 5. Bf4 c6 6. e3 Nh5 7. Bg5 Be7 8. Bxe7
Qxe7 9. Bd3 O-O 10. Qc2 Nhf6 11. cxd5 exd5 12. g4 Re8 13. h3 Nb6 14. O-O-O Be6
15. Ng5 h6 16. Nxe6 Qxe6 17. Bf5 Qe7 18. h4 Ne4 19. Bxe4 dxe4 20. g5 h5 21. g6
Nd5 22. gxf7+ Qxf7 23. Nxe4 Nb4 24. Ng5 Nxc2 25. Nxf7 Nxe3 26. fxe3 Kxf7 27.
Rdf1+ Kg8 28. Kd2 Re4 29. Rf5 Rae8 30. Rh3 g6 31. Rf6 Kg7 32. Rd6 R8e7 33. Kd3
Rg4 34. b4 Rg2 35. a4 a6 36. b5 axb5 37. axb5 cxb5 38. Rb6 Ra2 39. Rg3 Ra3+ 40.
Kd2 Ra2+ 41. Kd3 Ra3+ 42. Kd2 Ra2+ 43. Kd3 Ra3+ 44. Kd2 Ra2+ 45. Kc3 Ra3+ 46.
Kb4 Raxe3 47. Rgxg6+ Kf7 48. Rgf6+ Ke8 49. Rxb5 R3e4 50. Rxh5 Rxd4+ 51. Kc5
Rde4 52. Rff5 Kd7 53. Kb5 Kc7 54. Rc5+ Kb8 55. Rc4 Rxc4 56. Kxc4 1/2-1/2

[Event "Wch Blitz"]
[Site "Dubai"]
[Date "2014.06.20"]
[Round "13"]
[White "Carlsen, Magnus"]
[Black "Anand, Viswanathan"]
[Result "1/2-1/2"]
[WhiteElo "2881"]
[BlackElo "2785"]
[PlyCount "96"]
[EventDate "2014.06.19"]
[EventType "swiss (blitz)"]
[EventRounds "21"]
[EventCountry "UAE"]
[SourceTitle "CBM 160 Extra"]
[Source "ChessBase"]
[SourceDate "2014.07.01"]

1. e4 e5 2. Nf3 Nc6 3. Bb5 Nf6 4. d3 Bc5 5. Nbd2 Nd4 6. Nxd4 Bxd4 7. c3 Bb6 8.
O-O c6 9. Ba4 O-O 10. Bb3 d5 11. h3 dxe4 12. dxe4 Qe7 13. Qf3 Be6 14. Nc4 Nd7
15. Ne3 Bxe3 16. Bxe3 Rfd8 17. Rfd1 a6 18. Bxe6 Qxe6 19. Qg4 Qxg4 20. hxg4 h6
21. a4 Kf8 22. a5 Ke8 23. f3 Nf8 24. Bb6 Rxd1+ 25. Rxd1 Nd7 26. Be3 Rd8 27. Kf2
f6 28. Ke2 Nf8 29. Rh1 Ne6 30. g3 Nf8 31. f4 Ng6 32. g5 exf4 33. gxf4 fxg5 34.
fxg5 hxg5 35. Bxg5 Rd7 36. Rg1 Kf7 37. Be3 Nf8 38. Bd4 Ne6 39. Ke3 Rd8 40. Be5
Rh8 41. Rg3 Rh1 42. Rf3+ Ke7 43. b4 Re1+ 44. Kd3 Rd1+ 45. Ke2 Rh1 46. Ke3 Re1+
47. Kd3 Rd1+ 48. Ke2 Rh1 1/2-1/2

[Event "Wch Blitz"]
[Site "Dubai"]
[Date "2014.06.20"]
[Round "16"]
[White "Aronian, Levon"]
[Black "Carlsen, Magnus"]
[Result "1/2-1/2"]
[WhiteElo "2815"]
[BlackElo "2881"]
[PlyCount "170"]
[EventDate "2014.06.19"]
[EventType "swiss (blitz)"]
[EventRounds "21"]
[EventCountry "UAE"]
[SourceTitle "CBM 160 Extra"]
[Source "ChessBase"]
[SourceDate "2014.07.01"]

1. d4 Nf6 2. c4 e6 3. Nf3 b6 4. g3 Ba6 5. b3 d5 6. cxd5 exd5 7. Bg2 Bb4+ 8. Bd2
Bd6 9. O-O O-O 10. Nc3 Nbd7 11. Re1 Re8 12. Qc2 Rc8 13. a4 c6 14. a5 bxa5 15.
e4 dxe4 16. Nxe4 Nxe4 17. Rxe4 Rxe4 18. Qxe4 Nf6 19. Qf5 Rb8 20. Rxa5 Bc8 21.
Qc2 Be6 22. Rxa7 Bxb3 23. Qxc6 Bd5 24. Qc1 h6 25. Nh4 Bxg2 26. Kxg2 Bf8 27. Qc4
Qd5+ 28. Qxd5 Nxd5 29. Ra5 Nf6 30. Nf5 h5 31. Bg5 Ne4 32. Ne7+ Bxe7 33. Bxe7
Re8 34. Bc5 Nf6 35. Bd6 Rd8 36. Be7 Rxd4 37. Bxf6 gxf6 38. Rxh5 Kg7 39. Rh4 Rd2
40. Rf4 Kg6 41. g4 Ra2 42. h4 Rb2 43. Rc4 Kg7 44. Kg3 Rb3+ 45. Kf4 Rb2 46. f3
Rh2 47. h5 Ra2 48. Ke4 Ra5 49. Kf4 Rb5 50. Rd4 Ra5 51. Ke3 Ra3+ 52. Rd3 Ra4 53.
Rd4 Ra3+ 54. Ke4 Ra5 55. f4 Ra1 56. Rd5 Ra6 57. Kf5 Rb6 58. Ra5 Rc6 59. Rd5 Ra6
60. Ke4 Ra4+ 61. Rd4 Ra5 62. Rd5 Ra4+ 63. Kf5 Ra6 64. g5 fxg5 65. fxg5 Ra1 66.
h6+ Kh7 67. Kf6 Rf1+ 68. Rf5 Ra1 69. Kxf7 Ra7+ 70. Kf6 Ra6+ 71. Ke5 Ra5+ 72.
Kf4 Ra4+ 73. Kg3 Kg6 74. Rf8 Ra3+ 75. Kg4 Ra4+ 76. Rf4 Ra6 77. Rb4 Rc6 78. Re4
Rb6 79. Kf4 Ra6 80. Re8 Ra4+ 81. Ke5 Ra5+ 82. Kf4 Rf5+ 83. Ke4 Rxg5 84. Rg8+
Kxh6 85. Rxg5 Kxg5 1/2-1/2

[Event "Wch Blitz"]
[Site "Dubai"]
[Date "2014.06.20"]
[Round "21"]
[White "Carlsen, Magnus"]
[Black "Korobov, Anton"]
[Result "1-0"]
[WhiteElo "2881"]
[BlackElo "2680"]
[PlyCount "65"]
[EventDate "2014.06.19"]
[EventType "swiss (blitz)"]
[EventRounds "21"]
[EventCountry "UAE"]
[SourceTitle "CBM 160 Extra"]
[Source "ChessBase"]
[SourceDate "2014.07.01"]

1. d4 Nf6 2. c4 e6 3. Nf3 d5 4. Nc3 c6 5. e3 Nbd7 6. Qc2 a6 7. b3 Bd6 8. Be2 e5
9. cxd5 cxd5 10. dxe5 Nxe5 11. Bb2 O-O 12. O-O Bg4 13. Nxe5 Bxe5 14. Bxg4 Nxg4
15. h3 Nf6 16. Ne2 Rc8 17. Qb1 Qe7 18. Bxe5 Qxe5 19. Nd4 Ne4 20. Qb2 f5 21.
Rac1 f4 22. exf4 Qf6 23. g3 h5 24. h4 Rc6 25. Rfd1 Rfc8 26. Rxc6 Rxc6 27. Qe2
Rc3 28. Qxh5 Nxg3 29. fxg3 Rxg3+ 30. Kf2 Qxf4+ 31. Nf3 Rh3 32. Qxd5+ Kh7 33.
Qh5+ 1-0

[Event "Wch Blitz"]
[Site "Dubai"]
[Date "2014.06.20"]
[Round "12"]
[White "Meier, Georg"]
[Black "Carlsen, Magnus"]
[Result "0-1"]
[WhiteElo "2632"]
[BlackElo "2881"]
[PlyCount "94"]
[EventDate "2014.06.19"]
[EventType "swiss (blitz)"]
[EventRounds "21"]
[EventCountry "UAE"]
[SourceTitle "CBM 160 Extra"]
[Source "ChessBase"]
[SourceDate "2014.07.01"]

1. Nf3 Nf6 2. g3 d5 3. Bg2 Bg4 4. c4 c6 5. O-O e6 6. d3 Bd6 7. h3 Bh5 8. Qb3
Qe7 9. Bg5 Na6 10. Nbd2 Nc5 11. Qc2 Ncd7 12. e4 Bxf3 13. Bxf3 d4 14. Bg2 h6 15.
Bxf6 Nxf6 16. Rac1 Nd7 17. f4 e5 18. f5 a5 19. Kh2 a4 20. h4 Kd8 21. Bh3 Kc7
22. Nf3 Bc5 23. Kg2 Nf6 24. Nh2 g5 25. fxg6 fxg6 26. Rf3 a3 27. b3 Bb4 28. Rcf1
Raf8 29. Qf2 Ne8 30. Rf7 Rxf7 31. Qxf7 Qxf7 32. Rxf7+ Kb6 33. Ng4 Bd6 34. Nh2
Nc7 35. Rf6 Rd8 36. Rxg6 Na6 37. Ng4 Nb4 38. c5+ Kxc5 39. Nxh6 Bb8 40. Nf7 Rf8
41. Ng5 Kb6 42. Ne6 Rh8 43. Rf6 Nxa2 44. Rf1 Nb4 45. Bf5 Nxd3 46. Kh3 Bd6 47.
g4 Bb4 0-1

[Event "Wch Blitz"]
[Site "Dubai"]
[Date "2014.06.20"]
[Round "20"]
[White "Yudin, Sergei"]
[Black "Carlsen, Magnus"]
[Result "0-1"]
[WhiteElo "2546"]
[BlackElo "2881"]
[PlyCount "34"]
[EventDate "2014.06.19"]
[EventType "swiss (blitz)"]
[EventRounds "21"]
[EventCountry "UAE"]
[SourceTitle "CBM 160 Extra"]
[Source "ChessBase"]
[SourceDate "2014.07.01"]

1. e4 e5 2. Nf3 Nc6 3. Bc4 Bc5 4. d3 Nf6 5. Nbd2 d6 6. c3 O-O 7. O-O Be6 8. Bb3
Bxb3 9. Qxb3 Rb8 10. Nc4 Qd7 11. Be3 b5 12. Ncd2 Bxe3 13. fxe3 Ne7 14. Nh4 Qg4
15. Nf5 Nxf5 16. Rxf5 Qe2 17. Qc2 Ng4 0-1

[Event "Wch Blitz"]
[Site "Dubai"]
[Date "2014.06.19"]
[Round "9"]
[White "Ragger, Markus"]
[Black "Carlsen, Magnus"]
[Result "0-1"]
[WhiteElo "2632"]
[BlackElo "2881"]
[PlyCount "104"]
[EventDate "2014.06.19"]
[EventType "swiss (blitz)"]
[EventRounds "21"]
[EventCountry "UAE"]
[SourceTitle "CBM 160 Extra"]
[Source "ChessBase"]
[SourceDate "2014.07.01"]

1. d4 d5 2. c4 e6 3. Nf3 Nf6 4. g3 Be7 5. Bg2 O-O 6. O-O dxc4 7. Qc2 a6 8. a4
Bd7 9. Qxc4 Bc6 10. Bf4 Bd6 11. Nc3 Nbd7 12. Rfe1 Bxf4 13. gxf4 Nb6 14. Qd3
Nbd5 15. e3 Nb4 16. Qd2 a5 17. Rac1 Qe7 18. Red1 Rfd8 19. Qe2 Bxf3 20. Bxf3 c6
21. Ne4 Nxe4 22. Bxe4 Qh4 23. Kh1 g6 24. Rg1 Rd7 25. Rg5 Nd5 26. Rcg1 Kh8 27.
Qf3 Qh6 28. Qg3 f5 29. Bf3 Rg8 30. h4 Nf6 31. Rg2 Qf8 32. h5 gxh5 33. Rxg8+
Nxg8 34. Bxh5 Rg7 35. Qxg7+ Qxg7 36. Rxg7 Kxg7 37. Kg2 Nf6 38. Bd1 h6 39. Bb3
Kf7 40. f3 Ke7 41. Kg3 Kd6 42. Kh4 b5 43. Kg3 Nd5 44. e4 Nb4 45. Kf2 Nd3+ 46.
Ke3 Nxb2 47. Bc2 Nxa4 48. exf5 exf5 49. Bxf5 Nc3 50. Bc2 Nd5+ 51. Ke4 a4 52.
Kf5 Ne3+ 0-1

[Event "Wch Blitz"]
[Site "Dubai"]
[Date "2014.06.19"]
[Round "8"]
[White "Lu, Shanglei"]
[Black "Carlsen, Magnus"]
[Result "1-0"]
[WhiteElo "2546"]
[BlackElo "2881"]
[PlyCount "107"]
[EventDate "2014.06.19"]
[EventType "swiss (blitz)"]
[EventRounds "21"]
[EventCountry "UAE"]
[SourceTitle "CBM 160 Extra"]
[Source "ChessBase"]
[SourceDate "2014.07.01"]

1. e4 e5 2. Nc3 Nc6 3. g3 Bc5 4. Bg2 d6 5. Na4 Be6 6. Ne2 Qd7 7. h3 Nge7 8. d3
O-O-O 9. Nxc5 dxc5 10. Be3 b6 11. f4 f5 12. Qd2 fxe4 13. dxe4 Qe8 14. Qc3 Nd4
15. Bxd4 cxd4 16. Qa3 Bc4 17. Bf3 Nc6 18. O-O-O exf4 19. gxf4 Bxe2 20. Bxe2
Qxe4 21. Bf3 Qxf4+ 22. Kb1 Ne5 23. Qa6+ Kd7 24. Bg2 Rhe8 25. Rhe1 Ke6 26. Qxa7
Re7 27. Re4 Qf2 28. Rde1 Kf7 29. Rf1 Qf6 30. Rxf6+ gxf6 31. Re1 d3 32. cxd3
Rxd3 33. Qa4 Red7 34. a3 Rd2 35. Bc6 R7d4 36. Qb3+ Ke7 37. Qg3 Kd6 38. Be4 b5
39. Bxh7 b4 40. axb4 Rxb4 41. Qc3 Rbd4 42. Bc2 c5 43. Rc1 Nc4 44. Qg3+ Kc6 45.
Ba4+ Kd5 46. Bb3 Rxb2+ 47. Ka1 Rbd2 48. Rxc4 Rxc4 49. Qf3+ Ke5 50. Bxc4 Rd4 51.
Qe3+ Re4 52. Qxc5+ Kf4 53. Bd3 Re5 54. Qf2+ 1-0

[Event "Wch Blitz"]
[Site "Dubai"]
[Date "2014.06.19"]
[Round "4"]
[White "Carlsen, Magnus"]
[Black "Iturrizaga Bonelli, Eduardo"]
[Result "1-0"]
[WhiteElo "2881"]
[BlackElo "2653"]
[PlyCount "95"]
[EventDate "2014.06.19"]
[EventType "swiss (blitz)"]
[EventRounds "21"]
[EventCountry "UAE"]
[SourceTitle "CBM 160 Extra"]
[Source "ChessBase"]
[SourceDate "2014.07.01"]

1. d4 Nf6 2. c4 c5 3. Nf3 cxd4 4. Nxd4 Nc6 5. Nc3 g6 6. g3 d6 7. Bg2 Bd7 8.
Nxc6 Bxc6 9. e4 Bg7 10. O-O O-O 11. Be3 a5 12. Qe2 Nd7 13. Rfd1 a4 14. Rac1 Qa5
15. Nd5 Bxd5 16. Rxd5 Qa6 17. h4 Rfc8 18. Rb5 Rc7 19. h5 Rac8 20. h6 Bh8 21. b4
axb3 22. axb3 Nc5 23. Qd1 Nd7 24. Bh3 Ra8 25. Bxd7 Rxd7 26. Bd4 Bxd4 27. Qxd4
f6 28. e5 fxe5 29. Rxe5 dxe5 30. Qxd7 Qd6 31. Qxb7 Rb8 32. Qf3 Qd2 33. Rd1 Qxh6
34. Qd5+ Kf8 35. c5 Qh5 36. c6 Rc8 37. Rc1 Qg5 38. Rc3 Kg7 39. c7 Qf6 40. Rc6
Qf5 41. b4 Qb1+ 42. Kg2 Qxb4 43. Qxe5+ Kh6 44. Qe3+ Kg7 45. Qe6 Kh6 46. Qxc8
Qe4+ 47. Kh2 Qxc6 48. Qh3+ 1-0